[Event "IX C.to Italiano U20"]
[Site "Bratto - Castione della Presolana ITA"]
[Date "2001.08.23"]
[Round "2"]
[White "Bianco, Raffaele"]
[Black "Ferro, Mario"]
[Result "1/2-1/2"]
[WhiteElo "1600"]
[BlackElo "2186"]
[PlyCount "94"]
[EventDate "2001.08.22"]

1.e4 c5 2.Nf3 Nc6 3.d4 cxd4 4.Nxd4 g6 5.Be3 Bg7 6.Nc3 d6 7.Bc4 Nf6 8.f3 
O-O 9.Qd2 Bd7 10.h4 Rc8 11.Bb3 h5 12.O-O-O Ne5 13.Bg5 Rc5 14.g4 hxg4 15.f4
Nc6 16.Bxf6 Bxf6 17.e5 Nxe5 18.fxe5 Rxe5 19.Nd5 Bg7 20.Nf4 Re4 21.Nde2 Bb5
22.Nc3 Rd4 23.Qf2 Rb4 24.a3 Rxb3 25.cxb3 e5 26.Nxb5 exf4 27.Qxf4 Qb6 28.
Nd4 f5 29.h5 Be5 30.Qd2 f4 31.Qd3 Bxd4 32.Qxd4 Qxd4 33.Rxd4 Rf5 34.h6 d5 
35.Rf1 g5 36.Kd2 g3 37.Ke2 Re5+ 38.Kf3 Re3+ 39.Kg2 Re2+ 40.Kh3 g2 41.Rfd1 
Kh7 42.Rxd5 Kxh6 43.Kg4 Re3 44.Rd6+ Kg7 45.Rd7+ Kf6 46.R1d6+ Ke5 47.Rd5+ 
Ke6 1/2-1/2

[Event "IX C.to Italiano U20"]
[Site "Bratto - Castione della Presolana ITA"]
[Date "2001.08.23"]
[Round "2"]
[White "Cerioni, Armando"]
[Black "Arcion, Riccardo"]
[Result "0-1"]
[WhiteElo "1443"]
[BlackElo "1810"]
[PlyCount "54"]
[EventDate "2001.08.22"]

1.e4 c5 2.Nf3 e6 3.d4 cxd4 4.Nxd4 Nc6 5.Nc3 Qc7 6.Ndb5 Qb8 7.Bd3 a6 8.Na3 
b5 9.Ne2 Nf6 10.b3 Be7 11.O-O O-O 12.c4 b4 13.Nc2 Ne5 14.Kh1 Qd6 15.Bf4 
Qxd3 16.Bxe5 Qxe4 17.Bb2 Bb7 18.f3 Qh4 19.Be5 d5 20.Bg3 Qh6 21.Bf4 Qg6 22.
Bd2 dxc4 23.bxc4 Rfd8 24.Ncd4 Qd3 25.Nb3 a5 26.Rc1 a4 27.Nf4 Qd7 0-1

[Event "IX C.to Italiano U20"]
[Site "Bratto - Castione della Presolana ITA"]
[Date "2001.08.23"]
[Round "2"]
[White "Costantini, Roberto"]
[Black "Artizzu, Giulio"]
[Result "1-0"]
[WhiteElo "2287"]
[BlackElo "2084"]
[PlyCount "37"]
[EventDate "2001.08.22"]

1.e4 c5 2.Nf3 a6 3.c3 Qc7 4.d4 e6 5.Bd3 b5 6.O-O Bb7 7.Re1 d6 8.a4 c4 9.
Bc2 e5 10.Na3 Qe7 11.Bg5 f6 12.Be3 Bc6 13.axb5 axb5 14.d5 Bd7 15.Nxb5 Rxa1
16.Nc7+ Kd8 17.Qxa1 Kxc7 18.Qa8 Bb5 19.Qa5+ 1-0

[Event "IX C.to Italiano U20"]
[Site "Bratto - Castione della Presolana ITA"]
[Date "2001.08.23"]
[Round "2"]
[White "Cusumano, Domenico"]
[Black "Mazzilli, Piero"]
[Result "1/2-1/2"]
[WhiteElo "1939"]
[BlackElo "2206"]
[PlyCount "105"]
[EventDate "2001.08.22"]

1.e4 c5 2.Nf3 d6 3.d4 cxd4 4.Nxd4 Nf6 5.Nc3 a6 6.a4 Nc6 7.Be2 e5 8.Nf3 h6 
9.Be3 Be6 10.Qd2 Rc8 11.O-O Be7 12.Rfd1 O-O 13.h3 Qc7 14.Nd5 Nxe4 15.Nxc7 
Nxd2 16.Nxe5 Nxe5 17.Nxe6 Ndf3+ 18.gxf3 fxe6 19.f4 Ng6 20.c3 Nxf4 21.Bxf4 
Rxf4 22.Bg4 Kf7 23.Re1 Rf6 24.Re3 d5 25.Rae1 Rc6 26.Kg2 Bc5 27.R3e2 Ba7 
28.h4 g6 29.h5 g5 30.Kg1 Bb8 31.Kg2 Bf4 32.Bf3 Bc7 33.Bg4 Bb8 34.Kg1 e5 
35.Rd2 Rf4 36.Bd7 Rd6 37.Bc8 b5 38.Rxe5 Rdf6 39.Rexd5 bxa4 40.Rd7+ Kg8 41.
Rd8+ Rf8 42.Rxf8+ Kxf8 43.Rd8+ Ke7 44.Rd7+ Ke8 45.Rd4 Rxd4 46.cxd4 Ba7 47.
Bxa6 Bxd4 48.Bb5+ Ke7 49.Bxa4 Bxb2 50.Kg2 Kf6 51.Kg3 Ke5 52.Kg4 Bc3 53.f3 
1/2-1/2

[Event "IX C.to Italiano U20"]
[Site "Bratto - Castione della Presolana ITA"]
[Date "2001.08.23"]
[Round "2"]
[White "Festa, Samuele"]
[Black "Castellano, Fabio Marco"]
[Result "1-0"]
[WhiteElo "1642"]
[BlackElo "1431"]
[PlyCount "71"]
[EventDate "2001.08.22"]

1.d4 Nf6 2.c4 g6 3.Nc3 Bg7 4.e4 d6 5.Be2 O-O 6.Bg5 Nbd7 7.Qd2 Re8 8.h4 e5 
9.d5 Nc5 10.f3 Qd7 11.g4 b6 12.Bd1 Bb7 13.Nge2 Qc8 14.Ng3 Nfd7 15.h5 f6 
16.Bh6 g5 17.Bxg7 Kxg7 18.h6+ Kf7 19.Nf5 Qd8 20.b4 Na6 21.a3 Bc8 22.Ba4 
Rh8 23.Bc6 Rb8 24.Nb5 Bb7 25.Nxa7 Ra8 26.Nb5 Bxc6 27.dxc6 Nf8 28.Qd5+ Kg6 
29.Rd1 Qe8 30.c5 bxc5 31.bxc5 dxc5 32.Rh2 Rb8 33.Rb2 Ne6 34.Qd7 Qxd7 35.
Rxd7 Rhg8 36.Ne7+ 1-0

[Event "IX C.to Italiano U20"]
[Site "Bratto - Castione della Presolana ITA"]
[Date "2001.08.23"]
[Round "2"]
[White "Ibba, Isacco"]
[Black "Longo, Luigi"]
[Result "1-0"]
[WhiteElo "1807"]
[BlackElo "1500"]
[PlyCount "109"]
[EventDate "2001.08.22"]

1.e4 e6 2.Nf3 d5 3.Nc3 Nf6 4.e5 Nfd7 5.d4 c5 6.Ne2 cxd4 7.Nexd4 Nc6 8.Bb5 
Nxd4 9.Nxd4 a6 10.Bxd7+ Bxd7 11.O-O Bc5 12.Qg4 Bxd4 13.Qxd4 f5 14.Rd1 Rc8 
15.b3 Rxc2 16.Ba3 Kf7 17.Rd3 Qa5 18.Bb4 Qb5 19.Rad1 h6 20.Qh4 g5 21.Qh5+ 
Kg7 22.Be7 Be8 23.Qf3 Rh7 24.Rxd5 exd5 25.Qxf5 Bf7 26.Qxc2 Qc6 27.Qf5 Qe6 
28.Qf6+ Qxf6 29.exf6+ Kg6 30.Rc1 Rh8 31.Rc7 Rb8 32.Bd6 Re8 33.Be7 Rb8 34.
Bd6 Re8 35.Be7 Rb8 36.f3 b5 37.Bd6 Rd8 38.Be7 Ra8 39.b4 d4 40.a3 d3 41.Rd7
Bc4 42.g4 a5 43.Bd8 Rxd8 44.Rxd8 axb4 45.axb4 Kxf6 46.Kf2 Ke5 47.Ke3 Bd5 
48.Rxd5+ Kxd5 49.Kxd3 Ke5 50.Ke3 Kd5 51.f4 gxf4+ 52.Kxf4 Kc4 53.h4 Kxb4 
54.g5 hxg5+ 55.hxg5 1-0

[Event "IX C.to Italiano U20"]
[Site "Bratto - Castione della Presolana ITA"]
[Date "2001.08.23"]
[Round "2"]
[White "Longo, Aldo"]
[Black "Guclu, Yaman"]
[Result "0-1"]
[WhiteElo "1500"]
[BlackElo "1831"]
[PlyCount "84"]
[EventDate "2001.08.22"]

1.e4 e5 2.Nf3 d5 3.exd5 Bd6 4.Bc4 Nf6 5.d3 h6 6.h3 O-O 7.O-O Nbd7 8.Nc3 
Qe7 9.Re1 a6 10.a3 Re8 11.Bf4 Qf8 12.Bh2 g6 13.Ne4 b5 14.Bb3 Qg7 15.Nfd2 
Bb7 16.c4 Nh5 17.Nxd6 cxd6 18.Ne4 Qf8 19.Re3 f5 20.Nc3 bxc4 21.dxc4 f4 22.
Re1 Nc5 23.Bc2 Qg7 24.Qg4 Kh7 25.Qxh5 Nb3 26.Ra2 Nd4 27.Qd1 Bc8 28.Bxf4 
Nxc2 29.Qxc2 Bf5 30.Qe2 exf4 31.Qxe8 Rxe8 32.Rxe8 f3 33.Ra1 h5 34.Rae1 Kh6
35.Rd8 Qf6 36.Ree8 Qg5 37.Rh8+ Kg7 38.Rhg8+ Kf6 39.Rgf8+ Ke5 40.Rfe8+ Kd4 
41.g3 Qc1+ 42.Kh2 Qf1 0-1

[Event "IX C.to Italiano U20"]
[Site "Bratto - Castione della Presolana ITA"]
[Date "2001.08.23"]
[Round "2"]
[White "Mariano, Elia"]
[Black "Cacco, Christian"]
[Result "1/2-1/2"]
[WhiteElo "2198"]
[BlackElo "2252"]
[PlyCount "31"]
[EventDate "2001.08.22"]

1.d4 c5 2.dxc5 e6 3.Nc3 Nf6 4.e4 Nc6 5.f4 Qa5 6.Bd2 Qxc5 7.e5 Nd5 8.Nxd5 
Qxd5 9.Qf3 Qd4 10.O-O-O Qa4 11.Qb3 Qxb3 12.axb3 a6 13.Nf3 b5 14.Bd3 Be7 
15.Be4 Bb7 16.Rhe1 1/2-1/2

[Event "IX C.to Italiano U20"]
[Site "Bratto - Castione della Presolana ITA"]
[Date "2001.08.23"]
[Round "2"]
[White "Mogranzini, Roberto"]
[Black "Castaldo, Folco"]
[Result "1/2-1/2"]
[WhiteElo "2104"]
[BlackElo "2304"]
[PlyCount "23"]
[EventDate "2001.08.22"]

1.d4 Nf6 2.Bg5 d5 3.Nd2 c5 4.e3 cxd4 5.exd4 Qb6 6.Ngf3 Nc6 7.Nb3 Bf5 8.c3 
Ne4 9.Be3 e6 10.Be2 Bd6 11.O-O h6 12.c4 1/2-1/2

[Event "IX C.to Italiano U20"]
[Site "Bratto - Castione della Presolana ITA"]
[Date "2001.08.23"]
[Round "2"]
[White "Palomba, Andrea"]
[Black "Nardelli, Marco"]
[Result "0-1"]
[WhiteElo "1401"]
[BlackElo "1791"]
[PlyCount "104"]
[EventDate "2001.08.22"]

1.e4 c5 2.Nf3 d6 3.d4 cxd4 4.Nxd4 Nf6 5.Nc3 a6 6.Bd3 e5 7.Nde2 Be6 8.Bg5 
Be7 9.Bxf6 Bxf6 10.O-O O-O 11.Nd5 Bxd5 12.exd5 b5 13.a4 b4 14.a5 Nd7 15.
Qd2 Nc5 16.Bc4 Rb8 17.Rfe1 e4 18.Nd4 Bxd4 19.Qxd4 f5 20.Be2 Qf6 21.Qxf6 
Rxf6 22.c4 g5 23.Bd1 Re8 24.Bc2 Rf7 25.g3 Re5 26.Re3 Kg7 27.Kg2 Rfe7 28.h4
h6 29.hxg5 hxg5 30.Rh1 Kg6 31.Ra1 Rh7 32.Rae1 g4 33.Ra1 Re8 34.Rh1 Rxh1 
35.Kxh1 Rh8+ 36.Kg2 Nd7 37.Bd1 Nc5 38.Re1 Kf6 39.Bc2 Ke5 40.Rd1 b3 41.Bb1 
Nb7 42.Kg1 Rc8 43.Rc1 Nxa5 44.Kg2 Rxc4 45.Rd1 Rd4 46.Rc1 Nc4 47.Rc3 Nd2 
48.Rc1 Rxd5 49.f4+ gxf3+ 50.Kf2 Nxb1 51.Rxb1 Rd2+ 52.Ke3 Re2# 0-1

[Event "IX C.to Italiano U20"]
[Site "Bratto - Castione della Presolana ITA"]
[Date "2001.08.23"]
[Round "2"]
[White "Pelosin, Matteo"]
[Black "Sedani, Elisa"]
[Result "1-0"]
[WhiteElo "1705"]
[BlackElo "1594"]
[PlyCount "39"]
[EventDate "2001.08.22"]

1.e4 c5 2.c3 d5 3.exd5 Qxd5 4.d4 cxd4 5.cxd4 Nc6 6.Nf3 Nf6 7.Nc3 Qd8 8.d5 
Nb8 9.Bc4 Bf5 10.Qb3 Qc8 11.Bf4 Nbd7 12.Nb5 Nc5 13.Qe3 Ng4 14.Qe2 Kd8 15.
Ng5 Bg6 16.Bc7+ Kd7 17.Qxg4+ f5 18.Qe2 a6 19.Ne6 Nxe6 20.Qxe6+ 1-0

[Event "IX C.to Italiano U20"]
[Site "Bratto - Castione della Presolana ITA"]
[Date "2001.08.23"]
[Round "2"]
[White "Piscopo, Pierluigi"]
[Black "Pulito, Alberto"]
[Result "1-0"]
[WhiteElo "2218"]
[BlackElo "2050"]
[PlyCount "41"]
[EventDate "2001.08.22"]

1.e4 e6 2.d4 d5 3.Nc3 dxe4 4.Nxe4 Nd7 5.Nf3 Ngf6 6.Nxf6+ Nxf6 7.Bg5 Be7 8.
Bd3 c5 9.dxc5 Qa5+ 10.Bd2 Qxc5 11.Qe2 Bd7 12.Ne5 a6 13.O-O Bc6 14.c4 Bd6 
15.Bc3 a5 16.a3 a4 17.Rad1 h5 18.Nxc6 Qxc6 19.c5 Bxh2+ 20.Kxh2 Qc7+ 21.Kg1
1-0

[Event "IX C.to Italiano U20"]
[Site "Bratto - Castione della Presolana ITA"]
[Date "2001.08.23"]
[Round "2"]
[White "Sardo, Gabriele"]
[Black "Damia, Angelo"]
[Result "1/2-1/2"]
[WhiteElo "2165"]
[BlackElo "1915"]
[PlyCount "76"]
[EventDate "2001.08.22"]

1.d4 Nf6 2.c4 g6 3.Nc3 d5 4.cxd5 Nxd5 5.e4 Nxc3 6.bxc3 Bg7 7.Bc4 O-O 8.Ne2
Nc6 9.O-O e6 10.Rb1 b6 11.Ba3 Re8 12.Bb5 Bd7 13.Qa4 Nb8 14.Rfd1 Bxb5 15.
Qxb5 Qd7 16.Qd3 Nc6 17.c4 Rad8 18.Bb2 Ne5 19.Qc2 Nc6 20.Bc3 a5 21.Rd2 Qe7 
22.Qa4 Qd7 23.Rbd1 Nb8 24.Qb5 Qxb5 25.cxb5 c6 26.bxc6 Nxc6 27.Rb1 Rb8 28.
a4 Bf8 29.Nf4 Bb4 30.Bxb4 Nxb4 31.Nd3 Nxd3 32.Rxd3 Rec8 33.d5 exd5 34.exd5
Rc4 35.g3 Rxa4 36.d6 Rc4 37.d7 Rd8 38.Rxb6 Rc7 1/2-1/2

[Event "IX C.to Italiano U20"]
[Site "Bratto - Castione della Presolana ITA"]
[Date "2001.08.23"]
[Round "2"]
[White "Sorcinelli, Francesco"]
[Black "Castellano, Fulvia"]
[Result "1-0"]
[WhiteElo "1881"]
[BlackElo "1600"]
[PlyCount "47"]
[EventDate "2001.08.22"]

1.e4 c5 2.Nc3 Nc6 3.f4 d6 4.Nf3 g6 5.Bc4 e6 6.f5 exf5 7.d3 Bg7 8.O-O Nf6 
9.Qe1 fxe4 10.dxe4 O-O 11.Bg5 Qc7 12.Qh4 Ng4 13.h3 Nge5 14.Nxe5 Nxe5 15.
Nd5 Qa5 16.Nf6+ Bxf6 17.Bxf6 Qd2 18.Rad1 Qe3+ 19.Kh1 Bg4 20.hxg4 Nxc4 21.
Rf3 Qe2 22.Qxh7+ Kxh7 23.Rh3+ Kg8 24.Rh8# 1-0

[Event "IX C.to Italiano U20"]
[Site "Bratto - Castione della Presolana ITA"]
[Date "2001.08.24"]
[Round "3"]
[White "Arcion, Riccardo"]
[Black "Retter, Martin"]
[Result "1-0"]
[WhiteElo "1810"]
[BlackElo "1690"]
[PlyCount "117"]
[EventDate "2001.08.22"]

1.d4 e6 2.c4 d5 3.Nf3 Nf6 4.Nc3 Bb4 5.Bg5 O-O 6.cxd5 exd5 7.Qc2 c6 8.e3 
Nbd7 9.Bd3 h6 10.Bh4 Re8 11.O-O Bd6 12.e4 dxe4 13.Nxe4 Be7 14.Rfe1 Nd5 15.
Nd6 Rf8 16.Bh7+ Kh8 17.Re2 N7f6 18.Nxc8 Qxc8 19.Bf5 Qc7 20.Bg3 Bd6 21.Be5 
Nf4 22.Ree1 Bxe5 23.dxe5 Nd7 24.Qd2 Nd5 25.Rac1 N7b6 26.Nd4 Ne7 27.Bb1 Qd8
28.Qc2 g6 29.Rcd1 Ned5 30.e6 Qf6 31.exf7 Qxf7 32.Qxg6 Qxg6 33.Bxg6 Nf4 34.
Be4 Rae8 35.Bf3 Rxe1+ 36.Rxe1 Nbd5 37.Kf1 Nd3 38.Re2 N5f4 39.Rd2 Re8 40.
Ne2 Nxe2 41.Bxe2 Nf4 42.Bf3 Re7 43.g3 Nh3 44.Bg4 Ng5 45.Rd8+ Kg7 46.Rd7 
Rxd7 47.Bxd7 Ne4 48.Ke2 Kf6 49.f4 Nc5 50.Bc8 a5 51.Ke3 b6 52.Bg4 Na4 53.b3
Nc3 54.a4 Nd5+ 55.Kd4 Ne7 56.Bd7 Nf5+ 57.Bxf5 Kxf5 58.Kc4 h5 59.b4 1-0

[Event "IX C.to Italiano U20"]
[Site "Bratto - Castione della Presolana ITA"]
[Date "2001.08.24"]
[Round "3"]
[White "Artizzu, Giulio"]
[Black "Sorcinelli, Francesco"]
[Result "0-1"]
[WhiteElo "2084"]
[BlackElo "1881"]
[PlyCount "54"]
[EventDate "2001.08.22"]

1.e4 c5 2.Nf3 d6 3.d4 cxd4 4.Nxd4 Nf6 5.Nc3 g6 6.Be3 Bg7 7.f3 O-O 8.Qd2 
Nc6 9.Bc4 Bd7 10.O-O-O Rc8 11.Bb3 Ne5 12.h4 h5 13.Bg5 Rc5 14.g4 hxg4 15.
Bxf6 Bxf6 16.f4 Nc4 17.Bxc4 Rxc4 18.e5 dxe5 19.Ndb5 exf4 20.Qxd7 Qxd7 21.
Rxd7 f3 22.Na3 Rd4 23.Rxd4 Bxd4 24.Ne4 f5 25.Nd2 Be3 26.Kd1 Rd8 27.Nb1 g3 
0-1

[Event "IX C.to Italiano U20"]
[Site "Bratto - Castione della Presolana ITA"]
[Date "2001.08.24"]
[Round "3"]
[White "Bentivegna, Francesco"]
[Black "Pelosin, Matteo"]
[Result "1-0"]
[WhiteElo "2106"]
[BlackElo "1705"]
[PlyCount "73"]
[EventDate "2001.08.22"]

1.e4 e6 2.d4 d5 3.e5 c5 4.c3 Qb6 5.Nf3 Nc6 6.Bd3 cxd4 7.cxd4 Bd7 8.O-O 
Nxd4 9.Nbd2 Bc5 10.Nxd4 Bxd4 11.Nf3 Ne7 12.Qe2 Nc6 13.Rd1 Bc5 14.a3 h6 15.
b4 Nd4 16.Nxd4 Bxd4 17.Rb1 Ba4 18.Rf1 Bd7 19.Bf4 O-O 20.Bxh6 gxh6 21.Qg4+ 
Kh8 22.Qh5 Kg7 23.Qg4+ Kh8 24.Qh4 Kg7 25.Qf6+ Kg8 26.Qxh6 f5 27.Qg6+ Kh8 
28.Rb3 Bxf2+ 29.Rxf2 Be8 30.Qh6+ Kg8 31.Bc2 Bh5 32.Qxh5 Rf7 33.Rh3 Rg7 34.
Qh8+ Kf7 35.Qxa8 Qd4 36.Qxb7+ Kg8 37.Qc8+ 1-0

[Event "IX C.to Italiano U20"]
[Site "Bratto - Castione della Presolana ITA"]
[Date "2001.08.24"]
[Round "3"]
[White "Cacco, Christian"]
[Black "Bianco, Raffaele"]
[Result "1-0"]
[WhiteElo "2252"]
[BlackElo "1600"]
[PlyCount "65"]
[EventDate "2001.08.22"]

1.d4 Nf6 2.Nf3 g6 3.g3 Bg7 4.Bg2 d5 5.c4 c6 6.b3 O-O 7.O-O Re8 8.Nbd2 Nbd7
9.Bb2 b6 10.Qc2 Bb7 11.Rad1 Qc8 12.Qb1 h6 13.Rc1 Qb8 14.Ne5 Nxe5 15.dxe5 
Ng4 16.cxd5 cxd5 17.e6 f5 18.Nf3 Qd6 19.Bxg7 Kxg7 20.Qb2+ Kh7 21.Nd4 Rac8 
22.Rcd1 a6 23.Qd2 Rc7 24.f3 Nf6 25.Bh3 Ng8 26.Kg2 Rf8 27.Rc1 Rfc8 28.Rxc7 
Rxc7 29.Qe3 Kg7 30.Bxf5 Kf6 31.Bb1 Qd8 32.f4 Qc8 33.Qe5# 1-0

[Event "IX C.to Italiano U20"]
[Site "Bratto - Castione della Presolana ITA"]
[Date "2001.08.24"]
[Round "3"]
[White "Capone, Vincenzo"]
[Black "Festa, Samuele"]
[Result "1-0"]
[WhiteElo "2154"]
[BlackElo "1642"]
[PlyCount "71"]
[EventDate "2001.08.22"]

1.e4 c6 2.d4 d5 3.Nd2 dxe4 4.Nxe4 Bf5 5.Ng3 Bg6 6.Nf3 Nd7 7.h4 h6 8.h5 Bh7
9.Bd3 Bxd3 10.Qxd3 Qc7 11.Bd2 e6 12.Ne4 Ngf6 13.O-O-O Nxe4 14.Qxe4 Nf6 15.
Qe2 O-O-O 16.Kb1 Bd6 17.c4 c5 18.Bc3 Rhe8 19.Ne5 cxd4 20.Bxd4 Bxe5 21.Bxe5
Qc6 22.Bxf6 gxf6 23.g3 Qc5 24.Qf3 Qg5 25.c5 Rd5 26.Rxd5 Qxd5 27.Qxd5 exd5 
28.Rd1 Rd8 29.Rd4 Kc7 30.Rf4 Kc6 31.Rxf6+ Kxc5 32.Rxf7 Kc6 33.Rf6+ Rd6 34.
Rxd6+ Kxd6 35.f4 Ke6 36.g4 1-0

[Event "IX C.to Italiano U20"]
[Site "Bratto - Castione della Presolana ITA"]
[Date "2001.08.24"]
[Round "3"]
[White "Castaldo, Folco"]
[Black "Arnetta, Marianna"]
[Result "1-0"]
[WhiteElo "2304"]
[BlackElo "2060"]
[PlyCount "65"]
[EventDate "2001.08.22"]

1.c4 e6 2.d4 d5 3.Nf3 Nf6 4.g3 c5 5.Bg2 Nc6 6.cxd5 Nxd5 7.O-O Be7 8.Nc3 
cxd4 9.Nxd5 exd5 10.Nxd4 Bf6 11.Be3 O-O 12.Rc1 Bxd4 13.Bxd4 Be6 14.Qd2 Qd7
15.Rfd1 Rfd8 16.Qg5 Nxd4 17.Rxd4 Qb5 18.Qd2 Rd7 19.b4 Rad8 20.Rc5 Qb6 21.
a3 h6 22.h4 Rc7 23.Rxc7 Qxc7 24.e4 Qe5 25.exd5 Bf5 26.d6 b6 27.Kh2 Be6 28.
Bc6 Qf5 29.Bg2 Qe5 30.Kg1 g5 31.hxg5 hxg5 32.Be4 Bh3 33.Rd5 1-0

[Event "IX C.to Italiano U20"]
[Site "Bratto - Castione della Presolana ITA"]
[Date "2001.08.24"]
[Round "3"]
[White "Castellano, Fabio Marco"]
[Black "Longo, Aldo"]
[Result "1-0"]
[WhiteElo "1431"]
[BlackElo "1500"]
[PlyCount "129"]
[EventDate "2001.08.22"]

1.e4 e5 2.Nf3 Nc6 3.d4 exd4 4.Nxd4 Bc5 5.Nb3 Bb6 6.Nc3 Qf6 7.Qe2 Nge7 8.
Be3 Bxe3 9.Qxe3 O-O 10.Bd3 d6 11.O-O-O Nb4 12.Bc4 a5 13.a3 Nbc6 14.f4 a4 
15.Nd2 Bg4 16.Nf3 Na5 17.Bd3 c6 18.Nxa4 b5 19.Nc3 Be6 20.f5 Bc4 21.Qg5 
Qxg5+ 22.Nxg5 Rfb8 23.b3 Bxd3 24.Rxd3 Nb7 25.Kb2 Ra7 26.h4 Rba8 27.Nb1 h6 
28.Nf3 Nc5 29.Rd4 d5 30.exd5 Nxf5 31.Rf4 Ne3 32.dxc6 Nxg2 33.Rf5 Ne6 34.
Rxb5 Rc7 35.Rg1 Ngf4 36.Rb6 Rac8 37.Nc3 Rxc6 38.Rxc6 Rxc6 39.a4 Nc7 40.Ne5
Rc5 41.Rf1 Nce6 42.Nd3 Nxd3+ 43.cxd3 Rh5 44.Ra1 Rxh4 45.a5 Nc7 46.Ne4 Na6 
47.Kc3 f5 48.Nd2 f4 49.b4 Rh5 50.Kc4 Rf5 51.d4 Nc7 52.a6 f3 53.a7 Na8 54.
b5 g5 55.Ra6 Kg7 56.b6 Rf7 57.Nxf3 Nxb6+ 58.Rxb6 Rxa7 59.d5 g4 60.Ne5 g3 
61.Rg6+ Kh7 62.Rxg3 Ra4+ 63.Kb5 Re4 64.Nd7 Rf4 65.d6 1-0

[Event "IX C.to Italiano U20"]
[Site "Bratto - Castione della Presolana ITA"]
[Date "2001.08.24"]
[Round "3"]
[White "Castellano, Fulvia"]
[Black "Cerioni, Armando"]
[Result "0-1"]
[WhiteElo "1600"]
[BlackElo "1443"]
[PlyCount "70"]
[EventDate "2001.08.22"]

1.e4 c5 2.Nf3 d6 3.d4 cxd4 4.Nxd4 Nf6 5.Nc3 g6 6.Bc4 Bg7 7.Be3 O-O 8.Qd2 
Nc6 9.O-O-O Bd7 10.Nb3 Rc8 11.Bb5 Ne5 12.Bxd7 Nfxd7 13.Bd4 Nc4 14.Qd3 a6 
15.Bxg7 Kxg7 16.h4 Na5 17.h5 Nxb3+ 18.cxb3 b5 19.hxg6 hxg6 20.Kb1 Nf6 21.
Rh2 Qb6 22.Rdh1 Rh8 23.Nd5 Nxd5 24.Qxd5 Qxf2 25.Qd1 Rxh2 26.Rxh2 Rh8 27.
Rxh8 Kxh8 28.Qd5 Qf1+ 29.Kc2 Qxg2+ 30.Kc3 Qf3+ 31.Kb4 Qf6 32.Qa8+ Kg7 33.
Qxa6 Qxb2 34.Kxb5 Qe2+ 35.Kb6 Qxe4 0-1

[Event "IX C.to Italiano U20"]
[Site "Bratto - Castione della Presolana ITA"]
[Date "2001.08.24"]
[Round "3"]
[White "Costantini, Roberto"]
[Black "Drabke, Lorenz Maximilian"]
[Result "1/2-1/2"]
[WhiteElo "2287"]
[BlackElo "2338"]
[PlyCount "34"]
[EventDate "2001.08.22"]

1.e4 d5 2.exd5 Qxd5 3.Nc3 Qa5 4.d4 c6 5.Bc4 Bf5 6.Nf3 Nf6 7.Bd2 e6 8.Nd5 
Qd8 9.Nxf6+ gxf6 10.c3 Nd7 11.Qe2 Qc7 12.Nh4 Bg6 13.f4 f5 14.Bxe6 fxe6 15.
Qxe6+ Kd8 16.Nxf5 Bh6 17.Nd6 Rf8 1/2-1/2

[Event "IX C.to Italiano U20"]
[Site "Bratto - Castione della Presolana ITA"]
[Date "2001.08.24"]
[Round "3"]
[White "Damia, Angelo"]
[Black "Berni, Giorgio"]
[Result "0-1"]
[WhiteElo "1915"]
[BlackElo "2141"]
[PlyCount "102"]
[EventDate "2001.08.22"]

1.c4 Nf6 2.Nc3 g6 3.g3 Bg7 4.Bg2 O-O 5.d4 d6 6.e3 c6 7.Nge2 Nbd7 8.Bd2 e5 
9.O-O Re8 10.b4 exd4 11.exd4 Nb6 12.c5 dxc5 13.dxc5 Nc4 14.Bg5 Bg4 15.Qxd8
Raxd8 16.f3 Bf5 17.Ne4 Nxe4 18.fxe4 Bg4 19.Bxd8 Bxe2 20.Bg5 h6 21.Bf6 Bxf1
22.Rxf1 Ne3 23.Bxg7 Kxg7 24.Re1 Nxg2 25.Kxg2 Rd8 26.Kf3 Rd4 27.a3 Kf6 28.
Re3 Ke5 29.h3 h5 30.g4 hxg4+ 31.hxg4 g5 32.Rb3 Rxe4 33.b5 Rf4+ 34.Kg3 Kd5 
35.bxc6 Kxc6 36.Re3 f5 37.Re6+ Kxc5 38.gxf5 Rxf5 39.Kg4 Rd5 40.Re7 Kc6 41.
Re3 b5 42.Re6+ Kb7 43.Re7+ Kb6 44.Re6+ Ka5 45.Re7 a6 46.Re6 Rd3 47.Kxg5 
Rxa3 48.Kf4 Ra1 49.Re3 Ka4 50.Ke4 Rd1 51.Re2 b4 0-1

[Event "IX C.to Italiano U20"]
[Site "Bratto - Castione della Presolana ITA"]
[Date "2001.08.24"]
[Round "3"]
[White "Ferro, Mario"]
[Black "Cusumano, Domenico"]
[Result "1-0"]
[WhiteElo "2186"]
[BlackElo "1939"]
[PlyCount "97"]
[EventDate "2001.08.22"]

1.c4 e5 2.Nc3 Nf6 3.g3 c6 4.d4 exd4 5.Qxd4 d5 6.Bg2 Be6 7.cxd5 cxd5 8.Nf3 
Be7 9.O-O O-O 10.Rd1 Nc6 11.Qa4 Qb6 12.Nb5 Ne4 13.Be3 Bc5 14.Nbd4 Na5 15.
a3 Nc4 16.b4 Be7 17.Qb3 Nxe3 18.Qxe3 Rac8 19.Rd3 Rc7 20.Rad1 Rd8 21.Nxe6 
Qxe3 22.Rxe3 fxe6 23.Nd4 Kf7 24.Bh3 Rc3 25.Bxe6+ Kf6 26.Rdd3 Rxd3 27.exd3 
Nc3 28.f4 a5 29.Re5 g6 30.Bg4 axb4 31.Re6+ Kf7 32.axb4 Bxb4 33.Nf3 Re8 34.
Ng5+ Kf8 35.Nxh7+ Kf7 36.Ng5+ Kf8 37.Rf6+ Ke7 38.Rf7+ Kd6 39.Rxb7 Bc5+ 40.
Kg2 Ra8 41.Rg7 Ra2+ 42.Kh3 Bg1 43.Nf3 Ne2 44.Rxg6+ Kc5 45.Re6 Bxh2 46.Rxe2
Rxe2 47.Nxh2 Re3 48.Bf5 Kd6 49.Ng4 1-0

[Event "IX C.to Italiano U20"]
[Site "Bratto - Castione della Presolana ITA"]
[Date "2001.08.24"]
[Round "3"]
[White "Genocchio, Daniele"]
[Black "Piscopo, Pierluigi"]
[Result "1-0"]
[WhiteElo "2340"]
[BlackElo "2218"]
[PlyCount "43"]
[EventDate "2001.08.22"]

1.Nf3 Nf6 2.g3 d5 3.Bg2 Bf5 4.d3 h6 5.Nbd2 e6 6.O-O Bc5 7.a3 a5 8.b3 O-O 
9.Bb2 Nbd7 10.c4 c6 11.Qe1 Bh7 12.e4 dxe4 13.dxe4 Qb6 14.Bh3 e5 15.Nxe5 
Nxe5 16.Bxe5 Nxe4 17.Nxe4 Rae8 18.Qc3 Rxe5 19.Qxe5 Bd4 20.Qe7 Bxa1 21.Rxa1
Qxb3 22.Nd6 1-0

[Event "IX C.to Italiano U20"]
[Site "Bratto - Castione della Presolana ITA"]
[Date "2001.08.24"]
[Round "3"]
[White "Guclu, Yaman"]
[Black "Buchicchio, Giampaolo"]
[Result "0-1"]
[WhiteElo "1831"]
[BlackElo "2179"]
[PlyCount "50"]
[EventDate "2001.08.22"]

1.d4 d5 2.e4 dxe4 3.Nc3 Nf6 4.f3 exf3 5.Nxf3 Bg4 6.h3 Bh5 7.g4 Bg6 8.Ne5 
Nbd7 9.Qf3 c6 10.Bg5 e6 11.O-O-O Be7 12.h4 Nxe5 13.dxe5 Nd7 14.Bxe7 Qxe7 
15.h5 Qg5+ 16.Kb1 Nxe5 17.Qg3 Bf5 18.Bh3 h6 19.Rhe1 f6 20.Qf2 Nxg4 21.Qd4 
O-O 22.Ne4 Qxh5 23.Rh1 Qg6 24.Bxg4 Qxg4 25.Rh4 Qxh4 0-1

[Event "IX C.to Italiano U20"]
[Site "Bratto - Castione della Presolana ITA"]
[Date "2001.08.24"]
[Round "3"]
[White "Ibba, Isacco"]
[Black "Sardo, Gabriele"]
[Result "1-0"]
[WhiteElo "1807"]
[BlackElo "2165"]
[PlyCount "79"]
[EventDate "2001.08.22"]

1.f4 d5 2.Nf3 g6 3.e3 Bg7 4.c4 e6 5.Be2 Ne7 6.O-O O-O 7.Qe1 b6 8.d4 Ba6 9.
Na3 c5 10.cxd5 Bxe2 11.Qxe2 exd5 12.g4 Re8 13.Qf2 Nd7 14.Ne5 f6 15.Nf3 a6 
16.Bd2 Nc8 17.Nb1 Nd6 18.Nc3 Ne4 19.Nxe4 Rxe4 20.g5 Qe7 21.Rae1 Re8 22.h4 
Qe6 23.Kh2 Rc8 24.Bc3 Re8 25.Bd2 Bf8 26.Rg1 Bd6 27.gxf6 Qxf6 28.Ng5 R4e7 
29.Qg2 Qf5 30.Nf3 Qh5 31.Qh3 cxd4 32.Rg5 Qh6 33.Nxd4 Bxf4+ 34.exf4 Rxe1 
35.Bxe1 Rxe1 36.Qg3 Re4 37.Nf5 Qf8 38.Rxg6+ Kh8 39.Qc3+ d4 40.Nxd4 1-0

[Event "IX C.to Italiano U20"]
[Site "Bratto - Castione della Presolana ITA"]
[Date "2001.08.24"]
[Round "3"]
[White "Longo, Luigi"]
[Black "Mariano, Elia"]
[Result "0-1"]
[WhiteElo "1500"]
[BlackElo "2198"]
[PlyCount "138"]
[EventDate "2001.08.22"]

1.d4 d5 2.c4 e5 3.dxe5 d4 4.Nf3 Nc6 5.g3 Be6 6.b3 Qd7 7.Bb2 O-O-O 8.Bg2 
Be7 9.Nbd2 Bh3 10.O-O h5 11.Qc2 h4 12.gxh4 Qg4 13.Ne1 Bb4 14.f3 Qxh4 15.
Bxh3+ Qxh3 16.Rf2 Nxe5 17.Nf1 Bxe1 18.Rxe1 Ne7 19.Qe4 N7c6 20.Ng3 g6 21.
Qf4 f5 22.Rd1 Rh4 23.Qd2 d3 24.Bxe5 Nxe5 25.Nf1 Rhd4 26.e3 R4d6 27.Ng3 g5 
28.Qc3 Ng6 29.f4 gxf4 30.exf4 Qg4 31.Qd2 Rd4 32.Rdf1 Rxf4 33.Rxf4 Nxf4 34.
Rxf4 Qxf4 35.Qxf4 d2 36.Qxf5+ Kb8 37.h4 d1=Q+ 38.Kg2 Rg8 39.h5 Qd2+ 40.Qf2
Qg5 41.Qf3 a6 42.Kf2 Qd2+ 43.Qe2 Qxe2+ 44.Nxe2 Kc8 45.Ng3 Kd7 46.Kf3 Ke6 
47.Kf4 b6 48.h6 Rg6 49.h7 Rh6 50.Ne4 Rh4+ 51.Kg3 Rh1 52.Kg4 Ke5 53.Ng5 Kf6
54.Ne4+ Kg7 55.Ng5 c6 56.Kf5 Ra1 57.a4 Re1 58.c5 bxc5 59.Ne6+ Kxh7 60.Nxc5
a5 61.Nb7 Rd1 62.Ke5 Kg6 63.Ke4 Rd5 64.Ke3 Kf6 65.Ke4 Ke6 66.Ke3 Kd7 67.b4
axb4 68.a5 b3 69.a6 Kc7 0-1